000 00424nam a2200157Ia 4500
008 240729s9999 xx 000 0 und d
022 _a2707-6377
245 0 _aCihan University-Erbil Scientific Journal
260 _aIraq
260 _bCihan University-Erbil
650 _a Science (General)
650 _aScience
856 _uhttps://doaj.org/toc/b4009cbecc784605840020324784881e
942 _2ddc
942 _cDOAJEJ
999 _c69989
_d69989
945 _a1
_bMadushi Gamage
_c1
_dMadushi Gamage